Statystyki dla Państwa według opisu flagi (na ślepo)

Kliknij tutaj aby rozwiązać quiz!

Ogólne statystyki

  • Ten quiz został rozwiązany 94 razy
  • Średni wynik to 15 z 196

Statystyki odpowiedzi

Opis flagiPaństwo% Poprawnych
Trzy pionowe paski - lewy i prawy czerwone, trochę cieńsze od środkowego białego. Pośrodku znajduje się czerwony liść.Kanada
96%
Trzy poziome paski. Górny zielony, środkowy biały, dolny czarny. Po lewej stronie znajduje się dodatkowo czerwony, pionowy pas.Zjednoczone Emiraty Arabskie
51%
Trzy pionowe paski. Lewy zielony, środkowy czerwony, prawy żółty. Pośrodku żółta gwiazda.Kamerun
44%
Czerwone tło z białym półksiężycem i gwiazdą pośrodku.Turcja
42%
Niebieskie tło z żółtym kołem pośrodku.Palau
39%
Czerwone tło. Z lewego górnego rogu wychodzi skośny czarny pasek z białym konturem.Trynidad i Tobago
38%
Kwadratowa flaga z dwoma pionowymi paskami. Lewy żółty, prawy biały. Na prawym pasie widnieją dwa klucze - jeden złoty, a drugi srebrny. Związane są one czerwonym sznurem, a nad nimi widnieje pewne nakrycie głowy.Watykan
38%
Białe tło ze złotym kształtem kraju pośrodku. Na dole znajdują się dwie skrzyżowane gałązki.Cypr
35%
Trzy poziome paski. Górny czerwony, środkowy biały, dolny niebieski. Pośrodku tarcza herbowa z czerwono-białą szachownicą. Nad nią widnieje pięć mniejszych.Chorwacja
33%
Dolna część flagi to białe i niebieskie fale przypominające morze. Górna zawiera czerwone tło, żółte słońce chowające się w morzu, oraz przelatującego nad nim ptaka.Kiribati
29%
Trzy poziome paski - górny i dolny niebieskie, środkowy żółty. Po lewej czarny trójkąt.Bahamy
26%
Dwa poziome paski. Górny niebieski, dolny zielony. Po lewej biały trójkąt z czerwoną gwiazdą pośrodku.Dżibuti
24%
W kantonie biały krzyż na niebieskim tle. Reszta flagi to poziome paski, naprzemiennie niebieskie i białe.Grecja
21%
Niebieskie tło. W kantonie widoczna jest flaga brytyjska, a po prawej stronie herb kraju.Fidżi
18%
Trzy pionowe paski. Lewy zielony, środkowy żółty, prawy czerwony.Mali
18%
Trzy poziome paski. Górny czerwony, środkowy biały, dolny niebieski. Pośrodku godło przypominające pieczęć. Symbol w podobnym stylu umiejscowiony na rewersie flagi.Paragwaj
18%
Trzy poziome paski. Górny żółty, zajmujący połowę flagi, środkowy niebieski i dolny czerwony.Kolumbia
17%
Dwa poziome paski. Górny biały, dolny niebieski. Pośrodku flagi widnieje herb.San Marino
17%
Trzy pionowe paski. Lewy i prawy czerwone, środkowy biały. Niektóre wersje flagi uwzględniają herb pośrodku.Peru
15%
Trzy poziome paski. Górny i dolny bordowy, środkowy, cieńszy, biały.Łotwa
14%
Trójkąt na całą flagę, odwrócony do góry nogami. Tło czerwone. Sam trójkąt podzielony jest na trzy poziome pasy - górny czarny, środkowy niebieski i dolny biały. Na czarnym pasie jest połówka słońca.Antigua i Barbuda
13%
Dwa poziome paski. Górny biały, dolny czerwony.Polska
13%
Na fladze znajduje się zielona litera Y obrócona w lewo. Wyznacza ona na fladze trzy strefy - po lewej stronie czarny trójkąt o żółtym konturze. Reszta stref to trapezy dopełniające cały kształt flagi. Górny jest czerwony, dolny niebieski. Obydwa mają białe kontury.Republika Południowej Afryki
13%
Trzy poziome paski. Górny biały, środkowy niebieski, dolny czerwony. Po lewej stronie znajduje się herb - krajobraz trzech białych gór z trzema żółtymi gwiazdkami nad nimi. To wszystko na niebieskim tle.Słowenia
13%
Białe tło z kołem pośrodku. Koło to jest podzielone na dwie części, które razem przypominają symbol jin-jang. Górna część jest czerwona, dolna niebieska. Pomiędzy kołem, a każdym z czterech rogów flagi, znajdują się po trzy czarne paski, z czego niektóre z nich są przecięte na pół.Korea Południowa
11%
Dwa poziome paski. Górny niebieski, dolny czerwony. W kantonie widnieje złota korona.Liechtenstein
11%
Dwa poziome paski. Górny czerwony, dolny zielony. Po lewej stronie biały pionowy pasek.Madagaskar
11%
Niebieskie tło z czterema białymi gwiazdami - po jednej w każdą z czterech stron od środka.Mikronezja
11%
Białe tło. Pośrodku znajduje się czarny napis po arabsku.Afganistan
10%
Trzy pionowe paski - lewy czarny, środkowy żółty, prawy czerwony.Belgia
10%
Flaga podzielona jest na dwa trójkąty - lewy górny żółty oraz prawy dolny pomarańczowy. Wzdłuż krawędzi tych trójkątów ułożony jest biały smok.Bhutan
10%
Dwa poziome paski. Górny czerwony, dolny biały. Czerwony na tej fladze jest bardzo jaskrawy.Indonezja
10%
Dwa pionowe paski. Lewy biały, prawy czerwony. W kantonie umieszczony jest biały krzyż z czerwoną obwódką, z rysunkiem w środku.Malta
10%
Trzy pionowe paski - lewy niebieski, środkowy żółty, prawy zielony. Na żółtym pasie są trzy zielone romby.Saint Vincent i Grenadyny
10%
Trzy poziome paski. Górny czerwony, środkowy niebieski, dolny biały. Po lewej stronie widnieje czerwony herb z koroną i dwugłowym orłem.Serbia
10%
Trzy poziome paski. Górny zielony, środkowy żółty, dolny niebieski.Gabon
8%
Dwa poziome paski. Górny czerwony, dolny biały. Czerwony na tej fladze jest lekko przyciemniony.Monako
8%
Niebieskie tło z białą gwiazdą pośrodku.Somalia
8%
Trzy poziome paski. Górny czerwony, środkowy biały, dolny czarny. Pośrodku widnieją dwie zielone gwiazdy.Syria
8%
Kwadratowa flaga z czerwonym tłem. Pośrodku znajduje się biały krzyżyk.Szwajcaria
8%
Niebieskie tło z żółtym krzyżem na całą flagę.Szwecja
8%
Dwa poziome paski. Górny niebieski, dolny żółty.Ukraina
8%
Czerwone tło z czarnym, dwugłowym orłem.Albania
7%
Zielone tło. Pośrodku znajduje się biały napis po arabsku, a pod nim widnieje biały miecz.Arabia Saudyjska
7%
Zielone tło z czerwonym kołem pośrodku.Bangladesz
7%
Trzy pionowe paski - lewy i prawy niebieskie, środkowy żółty. Pośrodku znajduje się czarny trójząb.Barbados
7%
Żółte tło. Przez całą szerokość flagi, lekko pod skosem, przechodzą dwa pasy - górny biały i dolny czarny. Pośrodku znajduje się czerwony półksiężyc z żółtym napisem. Do tego czerwone dłonie i czerwony maszt.Brunei
7%
Trzy pionowe paski. Lewy niebieski, środkowy żółty, prawy czerwony.Czad
7%
Czerwone tło z białym krzyżem na całą flagę.Dania
7%
Zielone tło z trójkolorowym krzyżem żółto-czarno-białym. Pośrodku czerwone kółko z papugą otoczoną zielonymi gwiazdkami.Dominika
7%
Białe tło z niebieskim krzyżem na całą flagę.Finlandia
7%
Białe tło z czerwonym krzyżem na całą flagę. Krzyż dzieli ją na cztery ćwiartki, w każdej z nich znajduje się kolejny czerwony krzyż, gdzie każdy z nich jest mniejszy.Gruzja
7%
Trzy poziome paski. Górny czerwony, środkowy biały, dolny czarny. Pośrodku widnieje zielony napis po arabsku.Irak
7%
Białe tło z czerwonym kołem pośrodku.Japonia
7%
Trzy poziome paski. Górny czerwony, środkowy biały, dolny czarny.Jemen
7%
Trzy poziome paski. Górny niebieski, środkowy biały, dolny zielony. Pośrodku czarny symbol przypominający wysokie nakrycie głowy.Lesotho
7%
Czerwone tło z zielonym pentagramem pośrodku.Maroko
7%
Cztery poziome pasy. Od góry: niebieski, biały, zielony, żółty. Pośrodku pionowy czerwony pas. W lewym górnym rogu znajduje się żółta gwiazda.Republika Środkowoafrykańska
7%
Pięć pasków wychodzących z lewego dolnego rogu. Od lewej są to: niebieski, żółty, czerwony, biały, zielony.Seszele
7%
Trzy poziome paski. Górny czerwony, środkowy biały, dolny czarny. Po lewej stronie znajduje się zielony trójkąt.Sudan
7%
W kantonie czerwony krzyżyk na białym tle. Reszta flagi jest czerwona.Tonga
7%
Czerwone tło. Pośrodku białe kółko z wyciętym półksiężycem i gwiazdą.Tunezja
7%
Dwa pionowe paski. Lewy zielony, prawy biały. Pośrodku czerwony półksiężyc i gwiazda.Algieria
6%
Dwa poziome paski. Górny czerwony, dolny czarny. Pośrodku żółty symbol: maczeta, pół koła zębatego i gwiazda.Angola
6%
Trzy poziome paski. Górny i dolny niebieskie, środkowy biały. Pośrodku żółte słońce.Argentyna
6%
Trzy poziome paski. Górny i dolny czerwone, środkowy biały.Austria
6%
Dwa pionowe pasy - lewy biały i prawy czerwony. Granica pomiędzy pasami jest zygzakowata.Bahrajn
6%
Niebieskie tło ograniczone z góry i dołu cienkim czerwonym paskiem. Pośrodku białe koło z herbem i dwójką ludzi po obu jego stronach.Belize
6%
Dwa poziome paski. Górny żółty, dolny czerwony. Po lewej pionowy zielony pasek.Benin
6%
Dwa poziome paski. Górny czerwony, dolny zielony. Pośrodku żółta gwiazda.Burkina Faso
6%
Flaga podzielona jest na cztery trójkąty rozdzielone białym krzyżem. Górny i dolny czerwone, lewy i prawy zielone. Pośrodku białe koło z trzema czerwonymi, sześcioramiennymi gwiazdami.Burundi
6%
Czerwone tło z żółtą gwiazdą w kantonie. Otoczona jest ona z prawej strony czterema gwiazdami ułożonymi w łuk.Chiny
6%
Dwa poziome paski. Górny biały, dolny czerwony. Po lewej stronie znajduje się niebieski trójkąt.Czechy
6%
Trzy poziome paski. Górny żółty, zajmujący połowę flagi, środkowy niebieski i dolny czerwony. Pośrodku elipsa z krajobrazem pośród flag. Wszystko trzymane jest przez kondora.Ekwador
6%
Trzy poziome paski. Górny niebieski, środkowy czarny, dolny biały.Estonia
6%
Dwa poziome paski - górny niebieski, dolny czerwony. Po lewej znajduje się biały trójkąt z żółtą gwiazdą w każdym z jego rogów, a także słońce.Filipiny
6%
Trzy pionowe paski. Lewy czerwony, środkowy żółty, prawy zielony.Gwinea
6%
Dwa poziome paski - górny niebieski, dolny czerwony. Pośrodku znajduje się biały prostokąt z herbem w środku.Haiti
6%
Trzy pionowe paski. Lewy zielony, środkowy biały, prawy pomarańczowy.Irlandia
6%
Trzy poziome paski. Górny czarny, środkowy biały, dolny zielony. Po lewej stronie jest czerwony trójkąt z białą gwiazdą siedmioramienną na jego środku.Jordania
6%
Trzy poziome paski. Górny i dolny niebieski, środkowy czerwony. Pośrodku biała budowla przypominająca twierdzę.Kambodża
6%
Bardzo szeroka flaga składająca się z dwóch pasów - lewego białego i prawego bordowego. Granica pomiędzy pasami jest zygzakowata.Katar
6%
Trzy poziome pasy. Górny czarny, środkowy czerwony, dolny zielony. Wzdłuż granic pasów poprowadzone są cieńsze, białe. Pośrodku znajduje się tarcza plemienna, a za nią skrzyżowane białe włócznie.Kenia
6%
Trzy poziome paski. Górny i dolny czerwony, środkowy niebieski. Pośrodku białe koło.Laos
6%
Trzy poziome paski. Górny czerwony, środkowy biały, dolny jasnoniebieski.Luksemburg
6%
Czerwone tło. Pośrodku widnieje żółte kółko, od którego odchodzą żółte paski, coraz szersze w miarę oddalania się od środka.Macedonia Północna
6%
Trzy poziome paski. Górny żółty, środkowy zielony, dolny czerwony. Pośrodku widnieje biała gwiazda.Mjanma
6%
Trzy pionowe paski. Lewy niebieski, środkowy żółty, prawy czerwony. Pośrodku znajduje się orzeł z herbem na piersi.Mołdawia
6%
Trzy poziome paski. Górny czarny, środkowy czerwony, dolny żółty.Niemcy
6%
Trzy poziome paski. Górny pomarańczowy, środkowy biały, dolny zielony. Pośrodku pomarańczowe koło.Niger
6%
Trzy pionowe paski. Prawy i lewy zielone, środkowy biały.Nigeria
6%
Trzy poziome paski - górny i dolny niebieskie, środkowy biały. Pośrodku znajduje się trójkąt z krajobrazem i tęczą w środku, otoczony napisem.Nikaragua
6%
Niebieskie tło. W kantonie widoczna jest flaga brytyjska, a po prawej stronie czerwony Krzyż Południa z białą obwódką.Nowa Zelandia
6%
Trzy pionowe paski. Lewy niebieski, środkowy żółty, prawy czerwony.Rumunia
6%
Trzy pionowe paski. Lewy zielony, środkowy żółty, prawy czerwony. Pośrodku zielona gwiazda.Senegal
6%
Trzy poziome paski. Górny zielony, środkowy biały, dolny niebieski.Sierra Leone
6%
W kantonie znajduje się bardzo dużo białych gwiazd na niebieskim tle. Reszta flagi jest podzielona na poziome paski: naprzemiennie czerwone i białe.Stany Zjednoczone
6%
Trzy poziome pasy. Górny czarny, środkowy czerwony, dolny zielony. Wzdłuż granic pasów poprowadzone są cieńsze, białe. Po lewej stronie niebieski trójkąt z żółtą gwiazdą pośrodku.Sudan Południowy
6%
Trzy poziome paski. Górny żółty, środkowy niebieski i dolny czerwony. Na niebieskim pasku znajduje się osiem białych gwiazdek ułożonych w łuk. Niektóre wersje flagi uwzględniają herb kraju w kantonie.Wenezuela
6%
Trzy pionowe paski. Lewy zielony, środkowy biały, prawy czerwony.Włochy
6%
Trzy poziome paski. Górny czerwony, środkowy niebieski, dolny pomarańczowy.Armenia
4%
Niebieskie tło. W kantonie widoczna jest flaga brytyjska, pod nią biała gwiazda siedmioramienna, a po prawej stronie biały Krzyż Południa.Australia
4%
Trzy poziome paski. Górny niebieski, środkowy czerwony, dolny zielony. Pośrodku flagi znajduje się biały półksiężyc z gwiazdą ośmioramienną.Azerbejdżan
4%
Zielone tło. Pośrodku żółty romb z niebieskim kołem, przez które przechodzi biały pasek z zielonym napisem. Oprócz tego, na kole jest dużo gwiazd, w tym Krzyż Południa.Brazylia
4%
Trzy poziome paski. Górny biały, środkowy zielony, dolny czerwony.Bułgaria
4%
Czerwone tło ze złotym, dwugłowym orłem w koronie, mającym na piersi tarczę herbową. Całość flagi otoczona jest złotą obwódką.Czarnogóra
4%
Flaga podzielona jest na cztery ćwiartki. Lewa górna i prawa dolna są niebieskie, a pozostałe dwie czerwone. Rozdzielone są białym krzyżem z herbem pośrodku.Dominikana
4%
Trzy poziome paski. Górny zielony, środkowy żółty, dolny czerwony. Pośrodku niebieskie koło z żółtym pentagramem, od którego wychodzą żółte promienie.Etiopia
4%
Trzy pionowe paski. Lewy niebieski, środkowy biały, prawy czerwony.Francja
4%
Trzy poziome paski. Górny czerwony, środkowy niebieski, dolny zielony. Na granicach pasów znajdują się cieńsze, białe pasy.Gambia
4%
Trzy poziome paski. Górny czerwony, środkowy żółty, dolny zielony. Pośrodku czarna gwiazda.Ghana
4%
Dwa poziome paski. Górny żółty, dolny zielony. Po lewej czerwony pionowy pasek z czarną gwiazdą pośrodku.Gwinea Bissau
4%
Trzy poziome paski. Górny zielony, środkowy biały, dolny czerwony. Pośrodku herb z drzewem. Po lewej niebieski trójkąt.Gwinea Równikowa
4%
Trzy poziome paski - górny i dolny niebieskie, środkowy biały. Pośrodku znajduje pięć niebieskich gwiazdek.Honduras
4%
Trzy poziome paski. Górny pomarańczowy, środkowy biały i dolny zielony. Pośrodku znajduje się niebieski symbol przypominający koło od roweru.Indie
4%
Niebieskie tło z czerwonym krzyżem na całą flagę i białą obwódka.Islandia
4%
Flaga podzielona jest na cztery trójkąty. Lewy i prawy są czarne, a górny i dolny zielone. Trójkąty oddzielone są żółtym krzyżem.Jamajka
4%
Czerwone tło z żółtym słońcem pośrodku, przypominające kajzerkę lub logo Xboxa.Kirgistan
4%
Trzy poziome paski. Górny zielony, środkowy biały, dolny czerwony. Po lewej stronie znajduje się czarny trójkąt, ucięty od momentu styku ramion ze środkowym pasem.Kuwejt
4%
Trzy poziome paski. Górny i dolny czerwone, środkowy biały. Pośrodku znajduje się zielone drzewo.Liban
4%
W kantonie znajduje się jedna biała gwiazda na niebieskim tle. Reszta flagi jest podzielona na poziome paski: naprzemiennie czerwone i białe.Liberia
4%
Trzy poziome paski. Górny czerwony, środkowy czarny, dolny zielony. Pośrodku biały półksiężyc z gwiazdą.Libia
4%
Trzy poziome paski. Górny czarny, środkowy czerwony, dolny zielony. Na czarnym pasie widnieje połowa czerwonego słońca. Wygląda to tak, jakby zachodziło ono za czerwony pas.Malawi
4%
W kantonie widnieje żółty półksiężyc z gwiazdą o wielu ramionach na niebieskim tle. Reszta flagi to poziome pasy: naprzemiennie czerwone i białe.Malezja
4%
Cztery poziome paski. Od góry: czerwony, niebieski, żółty, zielony.Mauritius
4%
Trzy pionowe paski - lewy zielony, środkowy biały i prawy czerwony. Pośrodku znajduje się orzeł zjadający węża.Meksyk
4%
Trzy pionowe pasy. Lewy i prawy czerwone, środkowy niebieski. Po lewej stronie znajduje się żółty symbol, w skład którego wchodzą: jin-jang, płomień, półksiężyc, koło i kilka innych elementów.Mongolia
4%
Czerwone tło z niebieskim krzyżem na całą flagę i białą obwódką.Norwegia
4%
Trzy poziome paski. Górny biały, środkowy czerwony, dolny zielony. Po lewej stronie znajduje się dodatkowo czerwony, pionowy pas oraz symbol w kantonie, którego elementem są m.in. dwie skrzyżowane szable.Oman
4%
Zielone tło z białym pionowym paskiem po lewej stronie. Pośrodku znajduje się duży, biały półksiężyc z białą gwiazdą.Pakistan
4%
Flaga podzielona jest na dwa trójkąty. Lewy dolny jest czarny, prawy górny czerwony. Na czarnym trójkącie widnieje biały Krzyż Południa, a na czerwonym żółty ptak.Papua-Nowa Gwinea
4%
Niebieskie tło. Zaraz pod połową flagi znajdują się trzy poziome paski biegnące przez całą flagę. Górny i dolny białe, środkowy czerwony. Na fladze znajduje się również okrąg ułożony z dziesięciu żółtych gwiazd.Republika Zielonego Przylądka
4%
Trzy poziome paski. Górny biały, środkowy niebieski, dolny czerwony.Rosja
4%
Trzy poziome paski. Górny niebieski, zajmujący połowę flagi, środkowy żółty i dolny zielony. W prawym górnym rogu widnieje żółte słońce.Rwanda
4%
Dwa poziome paski. Górny czerwony, dolny biały. Na czerwonym pasie znajduje się biały półksiężyc z pięcioma gwiazdami.Singapur
4%
Flaga jest podzielona na dwie sekcje rozdzielone i obramowane żółtym kolorem. Sekcja po lewej to dwa pionowe pasy - lewy zielony i prawy pomarańczowy. Sekcja po prawej jest dużo szersza. Ma bordowe tło z lwem pośrodku, który trzyma miecz, i liśćmi w każdym rogu.Sri Lanka
4%
Czerwone tło. Po lewej stronie znajduje się czarny trójkąt wewnątrz żółtego trójkąta. Na czarnym trójkącie widnieje biała gwiazda.Timor Wschodni
4%
W kantonie biała gwiazda na czerwonym tle. Reszta flagi podzielona na 5 pasów: naprzemiennie zielonych i żółtych.Togo
4%
Zielone tło z czerwonym paskiem po lewej stronie flagi. Pasek ten jest zdobiony złotymi wzorami i pięcioma symbolami. Na górze flagi znajduje się biały półksiężyc z pięcioma gwiazdami.Turkmenistan
4%
Niebieskie tło z dwoma białymi krzyżami na całej fladze - jednym skośnym i drugim prostym, gdzie jeden nachodzi na drugi. Przez oba krzyże poprowadzone są czerwone pasy.Wielka Brytania
4%
Czerwone tło z żółtą gwiazdą pośrodku.Wietnam
4%
Zielone tło. W prawym dolnym rogu znajduje się mały prostokąt podzielony na 3 pionowe pasy. Lewy czerwony, środkowy czarny, prawy pomarańczowy. Nad prostokątem widnieje pomarańczowy orzeł.Zambia
4%
Siedem poziomych pasów. Od środkowego pasa w obie strony są koloru: czarnego, czerwonego, żółtego i zielonego. Po lewej biały trójkąt z czerwoną gwiazdą i żółtym ptakiem.Zimbabwe
4%
Trzy pionowe paski. Lewy niebieski, środkowy żółty, prawy czerwony. Pośrodku znajduje się herb z tarczą.Andora
3%
Dwa poziome paski. Górny czerwony, zajmujący 2/3 flagi, a dolny zielony. Po lewej stronie widnieje biało-czerwony wzór.Białoruś
3%
Trzy poziome paski. Górny czerwony, środkowy żółty, dolny zielony. Niektóre wersje flagi uwzględniają herb pośrodku.Boliwia
3%
Dwa poziome paski - górny biały i dolny czerwony. W kantonie biała gwiazda na niebieskim tle.Chile
3%
Trzy poziome paski. Górny czerwony, środkowy biały, dolny czarny. Pośrodku widnieje złoty orzeł z tarczą herbową.Egipt
3%
Trzy poziome paski. Górny i dolny niebieskie, dość cienkie, a środkowy jest czerwony. Pomiędzy pasami poprowadzone są cieńsze, żółte. Pośrodku znajduje się czarno-biała tarcza przebita żółtymi włóczniami.Eswatini
3%
Trzy pionowe paski - lewy i prawy niebieskie, środkowy biały. Pośrodku znajduje się traktat otoczony gałązkami.Gwatemala
3%
Trzy poziome paski. Górny i dolny czerwony, środkowy żółty. Po lewej stronie na żółtym pasie znajduje się herb.Hiszpania
3%
Trzy poziome paski. Górny czerwony, środkowy biały, dolny niebieski.Holandia
3%
Trzy poziome paski. Górny zielony, środkowy biały, dolny czerwony. Pomiędzy poszczególnymi pasami znajduje się wzór w kolorach pasów sąsiadujących. Pośrodku czerwony symbol.Iran
3%
Trzy poziome, białe pasy, oddzielone cieńszym niebieskim. Pośrodku znajduje się sześcioramienna gwiazda złożona z dwóch trójkątów.Izrael
3%
Niebieskie tło. Po lewej stronie znajduje się żółty wzór, a pośrodku żółte słońce podtrzymywane przez orła.Kazachstan
3%
Trzy skośne paski od lewego dolnego do prawego górnego. Lewy zielony, środkowy żółty, prawy czerwony.Kongo
3%
Niebieskie tło ze złotym kształtem kraju pośrodku. Nad nim widnieje sześć białych gwiadz.Kosowo
3%
Pięć poziomych pasków - od góry: niebieski, biały, szeroki czerwony, biały, niebieski. Niektóre warianty flagi uwzględniają po lewej stronie białą elipsę z herbem na jej środku.Kostaryka
3%
Trzy poziome paski. Górny żółty, środkowy zielony, dolny czerwony.Litwa
3%
Flaga niebieska, przedzielona cienkim żółtym poziomym paskiem. Po lewej stronie, zaraz pod tym paskiem, znajduje się biała gwiazda.Nauru
3%
Flaga podzielona jest na cztery ćwiartki. Prawa górna jest czerwona, lewa dolna niebieska, a pozostałe dwie są białe i mają gwiazdki po środku. Ta po prawej ma czerwoną, po lewej niebieską.Panama
3%
Dwa pionowe paski - lewy zielony, zajmujący 1/3 flagi, oraz prawy czerwony, zajmujący 2/3 flagi. Na granicy pasów znajduje się herb wewnątrz żółtego czegoś na kształt kuli. Sam herb jest biały z niebieskimi symbolami w środku i czerwoną obwódką, na której są żółte zamki.Portugalia
3%
Flaga jest podzielona czarnym pasem na dwa trójkąty. Lewy górny jest zielony, prawy dolny jest czerwony. Od czarnego pasa rodziela je żółta granica. Na pasie znajdują się dwie białe gwiazdy.Saint Kitts i Nevis
3%
Trzy poziome paski - górny i dolny niebieskie, środkowy biały. Pośrodku znajduje się trójkąt z krajobrazem w środku, otoczony flagami, gałązkami i jakimś napisem.Salwador
3%
W kantonie widnieje biały Krzyż Południa na niebieskim tle. Reszta flagi jest koloru czerwonego.Samoa
3%
Pięć poziomych pasów, od góry: zielony, cienki biały, gruby czerwony, cienki biały, zielony. Pośrodku żółta gwiazda.Surinam
3%
Pięć poziomych pasków - od góry: czerwony, biały, szeroki niebieski, biały, czerwony.Tajlandia
3%
W kantonie widnieje białe słońce na niebieskim tle. Reszta flagi jest koloru czerwonego.Tajwan
3%
Wzdłuż flagi poprowadzony jest czarny pas - od lewego dolnego do prawego górnego rogu. Granice tego pasa są żółte. Pozostała część to utworzone przez pas dwa trójkąty, z czego lewy jest zielony, a prawy niebieski.Tanzania
3%
Niebieskie tło. W kantonie widoczna jest flaga brytyjska, a po prawej stronie żółte gwiazdy.Tuvalu
3%
Trzy poziome paski. Górny niebieski, środkowy biały, dolny zielony. Na granicach pasów znajduje się po dodatkowym czerwonym. W kantonie widnieje biały półksiężyc i dwanaście białych gwiazd.Uzbekistan
3%
Dwa poziome paski. Górny czerwony, dolny zielony. Po lewej znajduje się czarny trójkąt z żółtym symbolem przypominającym muszlę i krzyżujące się liście. Pasy, jak i trójkąt, są oddzielone żółtą, przechyloną w lewo literą Y o czarnym konturze.Vanuatu
3%
Trzy poziome paski. Górny czerwony, środkowy biały, dolny zielony.Węgry
3%
Trzy pionowe paski. Lewy pomarańczowy, środkowy biały, prawy zielony.Wybrzeże Kości Słoniowej
3%
Flaga niebieska z dwoma pasami od lewego dolnego rogu do prawego górnego, stopniowo się poszerzającymi. Górny jest pomarańczowy, dolny biały. W kantonie znajduje się gwiazda z wieloma ramionami i wyróżniającymi się czterema.Wyspy Marshalla
3%
Flaga składa się z dwóch trójkątów. Lewy górny jest niebieski, prawy dolny zielony. Trójkąty te są rozdzielone żółtym, ukośnym paskiem. Na niebieskim trójkącie widnieje pięć białych gwiazd.Wyspy Salomona
3%
Niebieskie tło. Pośrodku flagi znajduje się żółty trójkąt prostokątny na całej wysokości. Wzdłuż przeciwprostokątnej, na zewnątrz trójkąta, ułożone są od lewego górnego wierzchołka białe gwiazdy.Bośnia i Hercegowina
1%
Niebieskie tło z czarnym poziomym paskiem pośrodku. Pasek ten ma białe krawędzie.Botswana
1%
Niebieskie tło z czerwonym paskiem o żółtych krawędziach, biegnący od lewego dolnego do prawego górnego rogu. W kantonie żółta gwiazda.Demokratyczna Republika Konga
1%
Czerwony trójkąt na całą flagę, zwężający się od lewej do prawej. W trójkącie znajduje się żółty symbol - gałązka otoczona wieńcem. Nad trójkątem flaga jest wypełniona zielonym kolorem, pod trójkątem - niebieskim.Erytrea
1%
Flaga podzielona na cztery trójkąty. Górny i dolny żółte, prawy i lewy zielone. Na styku trójkątów znajduje się czerwone kółko z żółtą gwiazdą. Na lewym trójkącie jest jakaś żółto-czerwona roślina. Całość flagi otoczona jest czerwoną obwódką, na której są po trzy żółte gwiazdki u góry i na dole.Grenada
1%
Zielone tło. Od lewej strony przez całą flagę rozciąga się żółty trójkąt o białym konturze. Na nim, również od lewej strony, ale do środka flagi, rozciąga się czerwony trójkąt o czarnym konturze.Gujana
1%
Pięć poziomych pasków - naprzemiennie niebieskich i białych. Po lewej czerwony trójkąt z białą gwiazdą pośrodku.Kuba
1%
Czerwone tło. Pośrodku widnieje biały półksiężyc na zielonym prostokącie.Malediwy
1%
Zielone tło i czerwone cienkie paski u góry. Pośrodku żółty półksiężyc i gwiazdka.Mauretania
1%
Trzy poziome pasy. Górny zielony, środkowy czarny, dolny żółty. Wzdłuż granic pasów poprowadzone są cieńsze, białe. Po lewej stronie czerwony trójkąt z żółtą gwiazdą pośrodku. Na gwieździe widnieje biała książka oraz dwa skrzyżowane ze sobą czarne narzędzia.Mozambik
1%
Wzdłuż flagi poprowadzony jest czerwony pas - od lewego dolnego do prawego górnego rogu. Granice tego pasa są białe. Pozostała część to utworzone przez pas dwa trójkąty, z czego lewy jest niebieski, a prawy zielony. Dodatkowo, w lewym górnym rogu znajduje się żółte słońce.Namibia
1%
Flaga składa się z dwóch złączonych ze sobą trójkątów prostokątnych o niebieskim konturze. U dołu flagi widnieje białe słońce, a u góry biały księżyc, za którym chowa się słońce.Nepal
1%
Niebieskie tło. Pośrodku znajdują się dwa trójkąty. Z przodu niski żółty, a z tyłu wysoki czarny z białą obwódką.Saint Lucia
1%
Trzy poziome paski. Górny biały, środkowy niebieski, dolny czerwony. Po lewej stronie znajduje się herb - biały krzyż z czterema ramionami, stojący na niebieskim podłożu, na czerwonym tle.Słowacja
1%
Sześć poziomych pasów. Od góry: czarny, żółty, czerwony, czarny, żółty, czerwony. Pośrodku białe koło, w środku którego znajduje się przedstawiciel gatunku pewnego ptaka nielota w kolorystyce reszty flagi.Uganda
1%
W kantonie słońce na białym tle. Reszta flagi podzielona jest na poziome paski: naprzemiennie białe i niebieskie.Urugwaj
1%
Trzy poziome paski. Górny i dolny zielony, środkowy żółty. Po lewej stronie czerwony trójkąt. Po środku i po prawej stronie na żółtym pasie są czarne gwiazdy.Wyspy Świętego Tomasza i Książęca
1%
Cztery poziome paski. Od góry: żółty, biały, czerwony, niebieski. Po lewej zielony trójkąt z białym półksiężycem i czterema gwiazdami.Komory
0%
Trzy poziome paski. Górny i dolny niebieskie, dość cienkie, a środkowy jest czerwony. Pomiędzy pasami znajduje się biały kontur. Na środkowym pasie znajduje się lekko przesunięte w lewo białe koło z wyciętą dziurą w kształcie gwiazdy.Korea Północna
0%
Trzy poziome paski. Górny czerwony, środkowy biały, dolny zielony. Pośrodku widnieje złota korona z siedmioma gwiazdami ułożonymi w łuk.Tadżykistan
0%

Rozkład punktacji

Percentyl według liczby udzielonych odpowiedzi

Procent ludzi z każdym wynikiem

Twoja historia wyników

Nie rozwiązałeś tego quizu